The Ravenmaster's secret : (Record no. 1261)

MARC details
000 -LEADER
fixed length control field 00949cam a2200289 a 4500
005 - DATE AND TIME OF LATEST TRANSACTION
control field 20230828133354.0
020 ## - INTERNATIONAL STANDARD BOOK NUMBER
International Standard Book Number 9780439281348
040 ## - CATALOGING SOURCE
Original cataloging agency DLC
Transcribing agency DLC
Modifying agency DLC
Language of cataloging eng
050 00 - LIBRARY OF CONGRESS CALL NUMBER
Classification number PZ7.W8606
Item number Rav 2003
082 00 - DEWEY DECIMAL CLASSIFICATION NUMBER
Classification number Fic
Edition number 21
100 1# - MAIN ENTRY--PERSONAL NAME
Personal name Woodruff, Elvira.
245 14 - TITLE STATEMENT
Title The Ravenmaster's secret :
Remainder of title escape from the Tower of London /
Statement of responsibility, etc. Elvira Woodruff.
250 ## - EDITION STATEMENT
Edition statement 1st ed.
260 ## - PUBLICATION, DISTRIBUTION, ETC.
Place of publication, distribution, etc. New York :
Name of publisher, distributor, etc. Scholastic
Date of publication, distribution, etc. 2003.
300 ## - PHYSICAL DESCRIPTION
Extent 225 pages ;
Dimensions 20 cm.
Other physical details Illustrations ;
505 ## - FORMATTED CONTENTS NOTE
Formatted contents note R <br/><br/>
520 ## - SUMMARY, ETC.
Summary, etc. The eleven-year-old son of the Ravenmaster at the Tower of London befriends a Jacobite rebel being held prisoner there.
521 ## - TARGET AUDIENCE NOTE
Target audience note 750 <br/>
Source Lexile <br/>
521 ## - TARGET AUDIENCE NOTE
Target audience note R <br/>
Source Raz-Plus <br/>
650 #1 - SUBJECT ADDED ENTRY--TOPICAL TERM
Topical term or geographic name entry element Jacobites
Form subdivision Fiction.
650 #1 - SUBJECT ADDED ENTRY--TOPICAL TERM
Topical term or geographic name entry element Ravens
Form subdivision Fiction.
650 #1 - SUBJECT ADDED ENTRY--TOPICAL TERM
Topical term or geographic name entry element Prisoners
Form subdivision Fiction.
906 ## - LOCAL DATA ELEMENT F, LDF (RLIN)
a 7
b cbc
c orignew
d 1
e ecip
f 20
g y-gencatlg
942 ## - ADDED ENTRY ELEMENTS (KOHA)
Source of classification or shelving scheme Dewey Decimal Classification
Koha item type Books
Suppress in OPAC No
999 ## -
-- 1261
-- 1261
Holdings
Withdrawn status Lost status Source of classification or shelving scheme Damaged status Not for loan Collection Home library Current library Shelving location Date acquired Total Checkouts Full call number Barcode Date last seen Price effective from Koha item type
    Dewey Decimal Classification     Juvenile Fiction Footprints International School Library Network Toul Kork Campus Footprints International School Library Network Toul Tom Poung Campus   08/09/2023   WOO Fic PZ7.W8606 FISSE00168 11/28/2025 08/09/2023 Books